Arrêts de busway de Nantes - Ligne 4 - Statistiques

Statistiques générales
  • Ce quiz a été pris 12 fois
  • Le résultat moyen est 12 sur 15
Statistiques - réponses
Commune Arrêts Correspondances % Correct
Nantes Duchesse Anne - Château 1
100%
Nantes Greneraie C4, C9, 27, 28, 36, 38, E8
100%
Nantes Beaulieu 26
89%
Nantes Cité des Congrès
89%
Nantes Foch - Cathédrale C1, C6, 11, 12
89%
Nantes Île de Nantes 5
89%
Vertou Porte de Vertou 28, E4
89%
Nantes Tripode
89%
Nantes Bourdonnières 30, 42
78%
Nantes Clos Toreau
78%
Nantes, St-Sébastien-s/Loire Chapeau Verni 42
67%
Nantes, St-Sébastien-s/Loire Joliverie 30, 42
67%
Nantes Mauvoisins
67%
Nantes Bonne Garde
56%
Vertou Maraîchers
56%
Aucun quiz correspondant
Distribution des résultats
% des personnes avec chaque résultat
Percentile par nombre de réponses
Votre historique - résultats
Vous n’avez pas pris ce quiz